Mr. Olympia Winners - Statistics

General Stats
  • This quiz has been taken 1,471 times
    1,361 since last reset
  • The average score is 36 of 56
Answer Stats
Year Answer % Correct
2005 Ronnie Coleman
97%
2004 Ronnie Coleman
97%
2003 Ronnie Coleman
97%
2002 Ronnie Coleman
97%
2001 Ronnie Coleman
97%
2000 Ronnie Coleman
97%
1999 Ronnie Coleman
97%
1998 Ronnie Coleman
97%
1980 Arnold Schwarzenegger
94%
1975 Arnold Schwarzenegger
94%
1974 Arnold Schwarzenegger
94%
1973 Arnold Schwarzenegger
94%
1972 Arnold Schwarzenegger
94%
1971 Arnold Schwarzenegger
94%
1970 Arnold Schwarzenegger
94%
2010 Jay Cutler
87%
2009 Jay Cutler
87%
2007 Jay Cutler
87%
2006 Jay Cutler
87%
2017 Phil Heath
63%
2016 Phil Heath
63%
2015 Phil Heath
63%
2014 Phil Heath
63%
2013 Phil Heath
63%
2012 Phil Heath
63%
2011 Phil Heath
63%
1997 Dorian Yates
62%
1996 Dorian Yates
62%
1995 Dorian Yates
62%
1994 Dorian Yates
62%
1993 Dorian Yates
62%
1992 Dorian Yates
62%
1991 Lee Haney
52%
1990 Lee Haney
52%
1989 Lee Haney
52%
1988 Lee Haney
52%
1987 Lee Haney
52%
1986 Lee Haney
52%
1985 Lee Haney
52%
1984 Lee Haney
52%
1979 Frank Zane
47%
1978 Frank Zane
47%
1977 Frank Zane
47%
2020 Mamdouh Elssbiay
43%
1969 Sergio Oliva
41%
1968 Sergio Oliva
41%
1967 Sergio Oliva
41%
2008 Dexter Jackson
40%
1981 Franco Columbu
39%
1976 Franco Columbu
39%
2019 Brandon Curry
31%
1966 Larry Scott
30%
1965 Larry Scott
30%
2018 Shawn Rhoden
27%
1982 Chris Dickerson
23%
1983 Samir Bannout
23%
No matching quizzes found
Score Distribution
Percent of People with Each Score
Percentile by Number Answered
Your Score History
You have not taken this quiz since the last reset